Conférence internationále concernant le transport des merchandises, des voyageurs et des bagages par chemins de fer Berne, mai-juin 1923
Salvato in:
| Natura: | Libro |
|---|---|
| Lingua: | francese |
| Pubblicazione: |
Bern
Zentralamt für den Eisenbahntr.
1923
|
| Tags: |
Nessun Tag, puoi essere il primo ad aggiungerne!!
|
MARC
| LEADER | 00000nam a2200000 4500 | ||
|---|---|---|---|
| 001 | 0267676 | ||
| 005 | 20240822101709.7 | ||
| 041 | 0 | |a fre | |
| 044 | |a CH | ||
| 245 | 1 | 0 | |a Conférence internationále concernant le transport des merchandises, des voyageurs et des bagages par chemins de fer |b Berne, mai-juin 1923 |
| 264 | 1 | |a Bern |b Zentralamt für den Eisenbahntr. |c 1923 | |